000
00267nam a2200109Ia 4500
008
200302s9999 xx 000 0 und d
100
_a
Will Pryce
245
_a
Bigshed 240 Illustrations 228 in Color
260
_b
Thames and Hudson Lt.
260
_c
2007
300
_a
304
999
_c
6431
_d
6431